| 000 | 01160nam a22003617a 4500 | ||
|---|---|---|---|
| 001 | 17289137 | ||
| 003 | OSt | ||
| 005 | 20220114033702.0 | ||
| 008 | 220114b |||||||| |||| 00| 0 eng d | ||
| 010 | _a 2012939207 | ||
| 020 | _a9781111539924 (pbk.) | ||
| 020 | _a1111539928 (pbk.) | ||
| 040 |
_aMMU _beng _erda _cMMU _dMMU |
||
| 042 | _apcc | ||
| 050 | 0 | 0 |
_aRT84 _b.H44 2014 |
| 082 | 0 | 0 |
_a610.73/6 _223 |
| 100 | 1 |
_aHegner, Barbara R., _eauthor. |
|
| 245 | 1 | 0 | _aAssisting in long term care. |
| 250 |
_aSixth edition / _bMary Jo Mirlenbrink Gerlach, RN, MSN Ed, Barbar R. Hegner, MS, RN. |
||
| 264 | 1 |
_aClifton Park, NY : _bDelmar, Cengage Learning, _c[2014] |
|
| 264 | 4 | _c©2014 | |
| 300 |
_axxxiii, 734 pages : _billustrations (chiefly color) ; _c28 cm. |
||
| 336 |
_atext _2rdacontent |
||
| 337 |
_aunmediated _2rdamedia |
||
| 338 |
_avolume _2rdacarrier |
||
| 490 | 0 | _aDelmar health care | |
| 650 | 0 | _aNurses' aides. | |
| 650 | 0 | _aLong-term care of the sick. | |
| 700 | 1 |
_aGerlach, Mary Jo., _eauthor. |
|
| 906 |
_a7 _bcbc _corignew _d2 _eepcn _f20 _gy-gencatlg |
||
| 942 |
_2lcc _cLOAN LOAN |
||
| 999 |
_c32219 _d32216 |
||